[Event "17.Seefeld Open 2006"]
[Site "Seefeld/AUT (23.9.-1.10)"]
[Date "2006.09.28"]
[Round "6"]
[White "Becking, Franz-Josef"]
[Black "Antoniacci, Riccardo"]
[Result "0-1"]
[WhiteElo "2076"]
[BlackElo "1980"]
[PlyCount "88"]
[EventDate "2006.09.??"]
[EventType "swiss"]
[EventRounds "9"]
[EventCountry "AUT"]

1. d4 f5 2. e4 fxe4 3. Nc3 Nf6 4. Bg5 c6 5. f3 Qa5 6. Qd2 d5 7. Nxe4 Qxd2+ 8.
Nxd2 Bf5 9. O-O-O h6 10. Bh4 g5 11. Bf2 Nbd7 12. g3 O-O-O 13. Ne2 Bg7 14. Bg2
Rhe8 15. f4 g4 16. Rde1 Kb8 17. Kd1 Rc8 18. Nc3 b5 19. a3 a5 20. b4 axb4 21.
axb4 Nb6 22. Kc1 Kc7 23. Bf1 e6 24. Nb3 Ra8 25. Kb2 Ne4 26. Nxe4 Bxe4 27. Rg1
Bxc2 28. Rc1 Bxb3 29. Kxb3 Nc4 30. Bxc4 bxc4+ 31. Kc3 Ra2 32. Rc2 Rea8 33. Rb1
R8a3+ 34. Kd2 Rd3+ 35. Kc1 Rxc2+ 36. Kxc2 Bxd4 37. Bxd4 Rxd4 38. Ra1 Re4 39.
Ra7+ Kb6 40. Re7 c5 41. bxc5+ Kxc5 42. Kd2 Kd4 43. Rc7 c3+ 44. Kd1 Kd3 0-1

[Event "17.Seefeld Open 2006"]
[Site "Seefeld/AUT (23.9.-1.10)"]
[Date "2006.09.28"]
[Round "6"]
[White "Schumacher, Helmut"]
[Black "Ranker, Klemens"]
[Result "1/2-1/2"]
[WhiteElo "2076"]
[BlackElo "1936"]
[PlyCount "52"]
[EventDate "2006.09.??"]
[EventType "swiss"]
[EventRounds "9"]
[EventCountry "AUT"]

1. d4 Nf6 2. Nc3 g6 3. e4 d6 4. Nge2 Bg7 5. g3 O-O 6. Bg2 c6 7. a4 Na6 8. O-O
Nc7 9. h3 e5 10. Be3 Qe7 11. Qd2 Be6 12. b3 a6 13. Bg5 Qd7 14. dxe5 dxe5 15.
Rfd1 Qc8 16. Kh2 Rd8 17. Qe3 Rxd1 18. Rxd1 Nce8 19. Bh6 Qc7 20. Bxg7 Kxg7 21.
Qd2 Qa5 22. g4 Qc5 23. Ng3 h6 24. f3 Rc8 25. Nce2 Rc7 26. Qc3 Qxc3 1/2-1/2

[Event "17.Seefeld Open 2006"]
[Site "Seefeld/AUT (23.9.-1.10)"]
[Date "2006.09.28"]
[Round "6"]
[White "Schueler, Wolfgang"]
[Black "Strasser, Josef"]
[Result "1/2-1/2"]
[WhiteElo "2073"]
[BlackElo "1917"]
[PlyCount "51"]
[EventDate "2006.09.??"]
[EventType "swiss"]
[EventRounds "9"]
[EventCountry "AUT"]

1. e4 c6 2. d4 d5 3. exd5 cxd5 4. c4 Nf6 5. Nc3 e6 6. c5 Nc6 7. Bb5 Be7 8. Nf3
O-O 9. O-O Qc7 10. Bg5 a6 11. Bxc6 bxc6 12. Na4 Rb8 13. Nb6 Re8 14. a4 Nd7 15.
Bxe7 Rxe7 16. a5 e5 17. Re1 e4 18. Qd2 Nf6 19. Ne5 Nd7 20. Nexd7 Bxd7 21. Ra3
f5 22. Qg5 Rf7 23. f4 Rf6 24. Qh4 Be8 25. Qf2 Bh5 26. Rg3 1/2-1/2

[Event "17.Seefeld Open 2006"]
[Site "Seefeld/AUT (23.9.-1.10)"]
[Date "2006.09.28"]
[Round "6"]
[White "Fischer, Gerd"]
[Black "Kesik, Marco"]
[Result "1/2-1/2"]
[WhiteElo "2026"]
[BlackElo "1916"]
[PlyCount "25"]
[EventDate "2006.09.??"]
[EventType "swiss"]
[EventRounds "9"]
[EventCountry "AUT"]

1. d4 Nf6 2. Nf3 g6 3. Bf4 Bg7 4. e3 O-O 5. Be2 d6 6. O-O Bf5 7. Nbd2 Ne4 8.
Nxe4 Bxe4 9. Bd3 Bxd3 10. Qxd3 Nd7 11. Rad1 e5 12. dxe5 Nxe5 13. Nxe5 1/2-1/2

[Event "17.Seefeld Open 2006"]
[Site "Seefeld/AUT (23.9.-1.10)"]
[Date "2006.09.28"]
[Round "6"]
[White "Babinetz, Rainer"]
[Black "Wiesbeck, Florian"]
[Result "1/2-1/2"]
[WhiteElo "1946"]
[BlackElo "1999"]
[PlyCount "35"]
[EventDate "2006.09.??"]
[EventType "swiss"]
[EventRounds "9"]
[EventCountry "AUT"]

1. d4 d5 2. c4 dxc4 3. Nf3 Nf6 4. e3 a6 5. Bxc4 e6 6. O-O b5 7. Bd3 Bb7 8. Nc3
Nbd7 9. Qe2 c5 10. b3 cxd4 11. Nxd4 Be7 12. Rd1 Rc8 13. Bb2 Qc7 14. Rac1 Qb8
15. Nf3 O-O 16. Ng5 Ne5 17. Bb1 h6 18. Nge4 1/2-1/2

[Event "17.Seefeld Open 2006"]
[Site "Seefeld/AUT (23.9.-1.10)"]
[Date "2006.09.28"]
[Round "6"]
[White "Koller, Hubert"]
[Black "Werner, Bernd"]
[Result "1/2-1/2"]
[WhiteElo "2115"]
[BlackElo "1980"]
[PlyCount "55"]
[EventDate "2006.09.??"]
[EventType "swiss"]
[EventRounds "9"]
[EventCountry "AUT"]

1. e4 e6 2. d3 d5 3. Nd2 dxe4 4. dxe4 c5 5. Ngf3 Nc6 6. c3 Qc7 7. Qc2 Be7 8.
Be2 Nf6 9. O-O Bd7 10. Rd1 Rd8 11. Nf1 h6 12. Ne1 O-O 13. f4 e5 14. f5 b6 15.
g4 Bc8 16. Be3 Bb7 17. Ng3 Rxd1 18. Rxd1 Rd8 19. Rxd8+ Qxd8 20. h3 Nh7 21. Qd2
Qxd2 22. Bxd2 Bh4 23. Nh1 Bxe1 24. Bxe1 Ng5 25. Nf2 Ne7 26. Bd3 Nf3+ 27. Kf1
Nxe1 28. Kxe1 1/2-1/2

[Event "17.Seefeld Open 2006"]
[Site "Seefeld/AUT (23.9.-1.10)"]
[Date "2006.09.28"]
[Round "6"]
[White "Hofer, Franz"]
[Black "Niedergesaess, Herbert"]
[Result "1-0"]
[WhiteElo "2061"]
[BlackElo "1950"]
[PlyCount "79"]
[EventDate "2006.09.??"]
[EventType "swiss"]
[EventRounds "9"]
[EventCountry "AUT"]

1. c4 Nf6 2. g3 c5 3. Bg2 Nc6 4. Nc3 g6 5. e3 Bg7 6. Nge2 e6 7. Nf4 Ne7 8. e4
e5 9. Nfd5 Nfxd5 10. cxd5 d6 11. d3 O-O 12. O-O a6 13. Bd2 b5 14. b3 f5 15. Bh3
f4 16. Bxc8 Qxc8 17. f3 fxg3 18. hxg3 Qh3 19. Qe1 Rf7 20. Qf2 Raf8 21. Qg2 Qh5
22. g4 Qh4 23. Be1 Qh6 24. Bd2 g5 25. Ne2 Ng6 26. Be1 Nf4 27. Nxf4 exf4 28. Rc1
Bd4+ 29. Bf2 Qf6 30. Qh2 Rg7 31. Kh1 Rg6 32. Qg1 Bxf2 33. Qxf2 Rh6+ 34. Kg2 Qe5
35. Rh1 Rff6 36. d4 cxd4 37. Rc8+ Kg7 38. Rc7+ Kg6 39. Rxh6+ Kxh6 40. Qg1 1-0

[Event "17.Seefeld Open 2006"]
[Site "Seefeld/AUT (23.9.-1.10)"]
[Date "2006.09.28"]
[Round "6"]
[White "Willin, Bernhard"]
[Black "Becker, Joerg"]
[Result "1/2-1/2"]
[WhiteElo "2009"]
[BlackElo "1945"]
[PlyCount "62"]
[EventDate "2006.09.??"]
[EventType "swiss"]
[EventRounds "9"]
[EventCountry "AUT"]

1. d4 Nf6 2. c4 e6 3. g3 d5 4. Bg2 Be7 5. Nf3 O-O 6. O-O Nbd7 7. b3 b6 8. cxd5
exd5 9. Nc3 Bb7 10. Bb2 c5 11. e3 Ne4 12. Nxe4 dxe4 13. Nd2 f5 14. Nc4 Bf6 15.
Re1 Qe7 16. Ba3 Rfd8 17. Qc2 Qe6 18. Rad1 Rac8 19. dxc5 Nxc5 20. Rxd8+ Bxd8 21.
Bxc5 Rxc5 22. Rd1 Be7 23. Qb1 Rd5 24. Bf1 b5 25. Na5 Ba8 26. Rxd5 Bxd5 27. Qe1
Qb6 28. Qd2 Be6 29. b4 a6 30. a3 Qd6 31. Qc2 Qd5 1/2-1/2

[Event "17.Seefeld Open 2006"]
[Site "Seefeld/AUT (23.9.-1.10)"]
[Date "2006.09.28"]
[Round "6"]
[White "Johanssen, Torsten"]
[Black "Duric, Rajko"]
[Result "0-1"]
[WhiteElo "2001"]
[BlackElo "1848"]
[PlyCount "82"]
[EventDate "2006.09.??"]
[EventType "swiss"]
[EventRounds "9"]
[EventCountry "AUT"]

1. c4 Nf6 2. Nc3 e6 3. e4 c6 4. e5 Ng8 5. d4 d6 6. Nf3 dxe5 7. Nxe5 Bd6 8. Qg4
g6 9. Be3 f5 10. Qe2 Nf6 11. Bg5 Be7 12. Rd1 O-O 13. g3 Nh5 14. Bh6 Ng7 15. Bg2
Bg5 16. Bxg7 Kxg7 17. O-O Nd7 18. Nxc6 bxc6 19. Bxc6 Rb8 20. d5 e5 21. Bxd7
Bxd7 22. Qxe5+ Bf6 23. Qe2 Qa5 24. Rc1 Rfe8 25. Qc2 Kf7 26. b3 Qb4 27. Ne2 Re4
28. c5 Bb5 29. Nf4 Bxf1 30. Kxf1 Bg5 31. Nd3 Qd4 32. Rd1 Qxd5 33. Nf4 Qb7 34.
c6 Qb5+ 35. Kg2 Bxf4 36. gxf4 Re7 37. Qc3 Rc8 38. Rd6 Kg8 39. Qf6 Qe2 40. c7
Qg4+ 41. Kf1 Qh3+ 0-1

[Event "17.Seefeld Open 2006"]
[Site "Seefeld/AUT (23.9.-1.10)"]
[Date "2006.09.28"]
[Round "6"]
[White "Plock, Christian"]
[Black "Maurer, Rainer"]
[Result "1/2-1/2"]
[WhiteElo "1990"]
[BlackElo "1916"]
[PlyCount "51"]
[EventDate "2006.09.??"]
[EventType "swiss"]
[EventRounds "9"]
[EventCountry "AUT"]

1. e4 d5 2. exd5 Qxd5 3. Nc3 Qa5 4. Nf3 c6 5. Bc4 Nf6 6. O-O Bf5 7. d4 e6 8.
Bg5 Be7 9. Re1 O-O 10. Qe2 Bg4 11. Bh4 Qh5 12. Bg3 Nbd7 13. Qe3 Bxf3 14. Qxf3
Qxf3 15. gxf3 Nb6 16. Bd3 Rad8 17. Ne2 Rd7 18. c3 Nh5 19. Kf1 Bf6 20. a4 Re8
21. a5 Nc8 22. Bc4 Nd6 23. Bb3 g6 24. Bxd6 Rxd6 25. Ng3 Nxg3+ 26. fxg3 1/2-1/2

[Event "17.Seefeld Open 2006"]
[Site "Seefeld/AUT (23.9.-1.10)"]
[Date "2006.09.28"]
[Round "6"]
[White "Sickinger, Wolfgang"]
[Black "Kreie, Guenter"]
[Result "0-1"]
[WhiteElo "1644"]
[BlackElo "1987"]
[PlyCount "50"]
[EventDate "2006.09.??"]
[EventType "swiss"]
[EventRounds "9"]
[EventCountry "AUT"]

1. d4 Nf6 2. c4 e6 3. Nc3 Bb4 4. f3 d5 5. a3 Bxc3+ 6. bxc3 O-O 7. cxd5 exd5 8.
e3 c5 9. dxc5 Nc6 10. Bb5 Qa5 11. Qb3 Be6 12. Bxc6 bxc6 13. Qb4 Qa6 14. Ne2 Nd7
15. a4 Ne5 16. Qd4 Nd3+ 17. Kd2 Bf5 18. Ng3 Bg6 19. f4 Be4 20. f5 f6 21. h4
Rab8 22. Nxe4 dxe4 23. Qxe4 Nxc5 24. Qc2 Rfd8+ 25. Ke1 Nd3+ 0-1

[Event "17.Seefeld Open 2006"]
[Site "Seefeld/AUT (23.9.-1.10)"]
[Date "2006.09.28"]
[Round "6"]
[White "Scheidt, Eugen"]
[Black "Noettger, Eckard"]
[Result "1/2-1/2"]
[WhiteElo "1980"]
[BlackElo "1783"]
[PlyCount "99"]
[EventDate "2006.09.??"]
[EventType "swiss"]
[EventRounds "9"]
[EventCountry "AUT"]

1. e4 c5 2. Nf3 e6 3. d4 cxd4 4. Nxd4 a6 5. Nc3 Qc7 6. a3 Nf6 7. Be3 Be7 8. Be2
O-O 9. O-O d6 10. f4 b5 11. Bf3 Bb7 12. e5 dxe5 13. Bxb7 Qxb7 14. fxe5 Nfd7 15.
Bf4 Bc5 16. Kh1 Rd8 17. Bg5 Re8 18. Qf3 Qxf3 19. Nxf3 Nc6 20. Ne4 Be7 21. Bf4
h6 22. Rad1 Rad8 23. Nd6 Bxd6 24. Rxd6 Ndb8 25. Rfd1 Rxd6 26. Rxd6 Rd8 27.
Rxd8+ Nxd8 28. Kg1 Kf8 29. Kf2 Ndc6 30. Ke3 Ke7 31. Nd4 Nxd4 32. Kxd4 Kd7 33.
b4 Kc6 34. c4 bxc4 35. Kxc4 Nd7 36. g4 Nb6+ 37. Kd4 Kb5 38. Bc1 Nd7 39. Bb2 Nb8
40. Kc3 Nc6 41. Kb3 Ne7 42. a4+ Kc6 43. Kc4 Kb7 44. Kc5 Kc7 45. b5 axb5 46.
axb5 Nd5 47. Bc1 Nb6 48. Bf4 Nd7+ 49. Kb4 Kb7 50. h4 1/2-1/2

[Event "17.Seefeld Open 2006"]
[Site "Seefeld/AUT (23.9.-1.10)"]
[Date "2006.09.28"]
[Round "6"]
[White "Pieper, Harald"]
[Black "Meul, Willi"]
[Result "1/2-1/2"]
[WhiteElo "2067"]
[BlackElo "1998"]
[PlyCount "36"]
[EventDate "2006.09.??"]
[EventType "swiss"]
[EventRounds "9"]
[EventCountry "AUT"]

1. d4 Nf6 2. Nf3 g6 3. c4 Bg7 4. Nc3 d5 5. Bf4 c6 6. e3 O-O 7. h3 Nbd7 8. Rc1
Qa5 9. Bd3 dxc4 10. Bxc4 Nb6 11. Bc7 Qb4 12. Bb3 Nbd5 13. Be5 Ne4 14. Bxd5 cxd5
15. Bxg7 Kxg7 16. Qe2 Bd7 17. Ne5 Nxc3 18. bxc3 Qa4 1/2-1/2

[Event "17.Seefeld Open 2006"]
[Site "Seefeld/AUT (23.9.-1.10)"]
[Date "2006.09.28"]
[Round "6"]
[White "Waibl, Herbert"]
[Black "Russ, Colin"]
[Result "1/2-1/2"]
[WhiteElo "2026"]
[BlackElo "1963"]
[PlyCount "25"]
[EventDate "2006.09.??"]
[EventType "swiss"]
[EventRounds "9"]
[EventCountry "AUT"]

1. f4 Nf6 2. b3 g6 3. Bb2 Bg7 4. Nf3 O-O 5. e3 b6 6. Be2 Bb7 7. O-O e6 8. c4 c5
9. Qc2 Nc6 10. a3 Qe7 11. Nc3 d6 12. Nd1 Rad8 13. Nf2 1/2-1/2

[Event "17.Seefeld Open 2006"]
[Site "Seefeld/AUT (23.9.-1.10)"]
[Date "2006.09.28"]
[Round "6"]
[White "Abraham, Helmut"]
[Black "Schett, Franz"]
[Result "0-1"]
[WhiteElo "1461"]
[BlackElo "2004"]
[PlyCount "98"]
[EventDate "2006.09.??"]
[EventType "swiss"]
[EventRounds "9"]
[EventCountry "AUT"]

1. Nf3 c5 2. c4 Nc6 3. g3 g6 4. Bg2 Bg7 5. O-O d6 6. Nc3 Nf6 7. b3 O-O 8. Bb2
e6 9. Qc2 a6 10. Rad1 Nd4 11. Nxd4 cxd4 12. Ne4 Ne8 13. d3 f5 14. Nd2 Rb8 15.
a4 Qc7 16. e4 f4 17. Nf3 e5 18. h3 b5 19. axb5 axb5 20. Ra1 fxg3 21. fxg3 Bh6
22. Bc1 Bxc1 23. Qxc1 Be6 24. Ng5 Ng7 25. Qd2 Qe7 26. Nxe6 Nxe6 27. h4 bxc4 28.
bxc4 Nc5 29. Rxf8+ Rxf8 30. Rb1 Qd7 31. Bf1 Rf3 32. Kg2 Qf7 33. Ra1 Kg7 34. Ra7
Rxg3+ 35. Kxg3 Qxa7 36. Qg5 Qf7 37. Be2 Ne6 38. Qg4 Nf4 39. Kh2 h5 40. Qf3 Qf6
41. Kg3 g5 42. hxg5 Qxg5+ 43. Kf2 Nxe2 44. Kxe2 Qg4 45. Kf2 Qxf3+ 46. Kxf3 Kg6
47. Kg2 Kg5 48. Kg3 h4+ 49. Kh3 Kh5 0-1

[Event "17.Seefeld Open 2006"]
[Site "Seefeld/AUT (23.9.-1.10)"]
[Date "2006.09.28"]
[Round "6"]
[White "Stojanovic, Milorad"]
[Black "Samarian, Cornel"]
[Result "0-1"]
[WhiteElo "1690"]
[BlackElo "1937"]
[PlyCount "90"]
[EventDate "2006.09.??"]
[EventType "swiss"]
[EventRounds "9"]
[EventCountry "AUT"]

1. e4 e5 2. f4 d6 3. Nf3 exf4 4. Bc4 Bg4 5. d4 Be7 6. Bxf4 Nd7 7. O-O Ngf6 8.
e5 dxe5 9. dxe5 Nh5 10. Bxf7+ Kxf7 11. Ng5+ Bxg5 12. Qxg4 Kg6 13. Qe6+ Ndf6 14.
Bxg5 Kxg5 15. exf6 Qd4+ 16. Kh1 Nf4 17. Qf7 g6 18. Nc3 Raf8 19. Qxc7 Rc8 20.
Qxb7 Rb8 21. Ne4+ Kf5 22. Qc6 Rb6 23. Qc7 Qxe4 24. Rf2 g5 25. f7 Kg6 26. b3 Rf8
27. Qxa7 Re6 28. c4 Qe1+ 29. Rf1 Qe4 30. Qf2 Rxf7 31. Rae1 Qf5 32. g3 Ne2 33.
Rxe2 Rxe2 34. Qb6+ Qe6 35. Qxe6+ Rxe6 36. Kg1 Rxf1+ 37. Kxf1 Ra6 38. Ke2 Rxa2+
39. Kd3 Rxh2 40. b4 Rg2 41. b5 Rxg3+ 42. Kd4 Rb3 43. Kc5 g4 44. b6 g3 45. Kc6
g2 0-1

[Event "17.Seefeld Open 2006"]
[Site "Seefeld/AUT (23.9.-1.10)"]
[Date "2006.09.28"]
[Round "6"]
[White "Laux, Dieter"]
[Black "Walz, Robert"]
[Result "0-1"]
[WhiteElo "1228"]
[BlackElo "1984"]
[PlyCount "82"]
[EventDate "2006.09.??"]
[EventType "swiss"]
[EventRounds "9"]
[EventCountry "AUT"]

1. e4 e5 2. Nc3 Nf6 3. Bc4 Nc6 4. d3 Na5 5. a4 Nxc4 6. dxc4 Bb4 7. Nge2 d6 8.
Bg5 Be6 9. Qd3 h6 10. Bh4 c6 11. O-O-O Qa5 12. f3 Nd7 13. Bf2 O-O 14. b3 a6 15.
Nb1 Nc5 16. Bxc5 Bxc5 17. Qd2 Qb6 18. Qc3 Rfd8 19. Rd3 Bb4 20. Qb2 Qf2 21. c3
Bc5 22. Qd2 Qxg2 23. Rd1 Qxh2 24. b4 Bb6 25. c5 dxc5 26. bxc5 Rxd3 27. Qxd3 Rd8
28. Qxd8+ Bxd8 29. Rxd8+ Kh7 30. Kd2 Bc4 31. Rd3 Bxd3 32. Kxd3 h5 33. Nd2 h4
34. Ke3 Qg2 35. f4 exf4+ 36. Nxf4 Qg3+ 37. Nf3 g5 38. Ne2 Qg2 39. Ne1 Qh3+ 40.
Kf2 g4 41. Ng2 Qf3+ 0-1

[Event "17.Seefeld Open 2006"]
[Site "Seefeld/AUT (23.9.-1.10)"]
[Date "2006.09.28"]
[Round "6"]
[White "Disselberger, Alfons"]
[Black "Gestrich, Wolfgang"]
[Result "0-1"]
[WhiteElo "1289"]
[BlackElo "1756"]
[PlyCount "100"]
[EventDate "2006.09.??"]
[EventType "swiss"]
[EventRounds "9"]
[EventCountry "AUT"]

1. e4 e5 2. Nf3 Nf6 3. Qe2 d6 4. d4 exd4 5. Nxd4 Qe7 6. Nd2 g6 7. c3 Bg7 8.
N4f3 Nc6 9. Qd3 O-O 10. Be2 Re8 11. e5 Nxe5 12. Nxe5 Qxe5 13. Nf3 Qd5 14. Qc2
Bf5 15. Qb3 Qxb3 16. axb3 Bd3 17. Be3 Bxe2 18. Kxe2 Ng4 19. h3 Nxe3 20. fxe3
Bh6 21. Kf2 Bxe3+ 22. Kg3 h5 23. b4 g5 24. h4 Bf4+ 25. Kf2 g4 26. Nd4 Be3+ 27.
Kf1 Bxd4 28. cxd4 Re4 29. Rd1 Rae8 30. g3 Re2 31. Rb1 Rd2 32. Re1 Rxe1+ 33.
Kxe1 Rxb2 34. Rf1 Rb1+ 35. Ke2 Rxf1 36. Kxf1 d5 37. Kf2 f5 38. Ke3 c6 39. Kf4
Kg7 40. Kxf5 b6 41. Ke5 a5 42. bxa5 bxa5 43. Kd6 a4 44. Kxc6 a3 45. Kxd5 a2 46.
Ke6 a1=Q 47. d5 Qe1+ 48. Kf5 Kf7 49. Kf4 Kf6 50. d6 Qe5# 0-1

[Event "17.Seefeld Open 2006"]
[Site "Seefeld/AUT (23.9.-1.10)"]
[Date "2006.09.28"]
[Round "6"]
[White "Brett, Digby"]
[Black "Andreini, Gigliolu"]
[Result "1/2-1/2"]
[WhiteElo "1855"]
[BlackElo "1660"]
[PlyCount "71"]
[EventDate "2006.09.??"]
[EventType "swiss"]
[EventRounds "9"]
[EventCountry "AUT"]

1. e4 e6 2. d4 d5 3. Nc3 Nf6 4. e5 Nfd7 5. f4 c5 6. Nf3 Qb6 7. a3 Nc6 8. Be3
cxd4 9. Nxd4 Nxd4 10. Bxd4 Bc5 11. Na4 Qa5+ 12. c3 Bxd4 13. Qxd4 O-O 14. Bd3 b5
15. Nc5 Nxc5 16. Qxc5 a6 17. O-O Bd7 18. b4 Qd8 19. Rf3 Rc8 20. Qd4 f6 21. Raf1
f5 22. Be2 Be8 23. Rg3 Rf7 24. Rc1 Rfc7 25. Rf1 Rc6 26. Rh3 Qc7 27. Rff3 Bg6
28. Re3 Qd8 29. Qd2 Qb6 30. Qd4 Qxd4 31. cxd4 Rc1+ 32. Kf2 R8c2 33. Kf3 Rc3 34.
Rxc3 Rxc3+ 35. Kf2 Rxh3 36. gxh3 1/2-1/2

[Event "17.Seefeld Open 2006"]
[Site "Seefeld/AUT (23.9.-1.10)"]
[Date "2006.09.29"]
[Round "7"]
[White "Teske, Henrik"]
[Black "Weinzettl, Ernst"]
[Result "1/2-1/2"]
[WhiteElo "2486"]
[BlackElo "2327"]
[PlyCount "22"]
[EventDate "2006.09.??"]
[EventType "swiss"]
[EventRounds "9"]
[EventCountry "AUT"]

1. e4 e6 2. d4 d5 3. exd5 exd5 4. Nf3 Nc6 5. Bb5 Bd6 6. O-O Nge7 7. Bg5 O-O 8.
Nbd2 Bg4 9. c3 f6 10. Bh4 Nf5 11. Bg3 Nxg3 1/2-1/2

[Event "17.Seefeld Open 2006"]
[Site "Seefeld/AUT (23.9.-1.10)"]
[Date "2006.09.29"]
[Round "7"]
[White "Dittmar, Peter"]
[Black "Van der Weide, Karel"]
[Result "1/2-1/2"]
[WhiteElo "2334"]
[BlackElo "2443"]
[PlyCount "91"]
[EventDate "2006.09.??"]
[EventType "swiss"]
[EventRounds "9"]
[EventCountry "AUT"]

1. d4 Nf6 2. Bg5 Ne4 3. Bf4 c5 4. d5 Qb6 5. Nd2 Nxd2 6. Bxd2 Qxb2 7. e4 g5 8.
Rb1 Qg7 9. Ne2 Qg6 10. Ng3 Bg7 11. Bd3 Be5 12. O-O d6 13. f4 gxf4 14. Bxf4 Nd7
15. Bb5 Bd4+ 16. Kh1 Rg8 17. Qe2 Qg4 18. Qd2 a6 19. Be2 Qg7 20. Bh6 Qh8 21. Nf5
Bc3 22. Qe3 Be5 23. Qf2 Nf6 24. Qh4 Rg6 25. a4 Qg8 26. g4 Kd8 27. Bd2 Ke8 28.
g5 Nd7 29. Bh5 Nf8 30. Bxg6 Qxg6 31. c4 b5 32. axb5 axb5 33. cxb5 Ra2 34. Rf2
e6 35. Ne3 Bb7 36. Rbf1 Bd4 37. Rxf7 Qxf7 38. Rxf7 Kxf7 39. Qf4+ Ke7 40. Bc1
Ra1 41. Nc4 exd5 42. Qxd6+ Kf7 43. Qf4+ Ke6 44. Qd6+ Kf7 45. Qf4+ Ke6 46. Qd6+
1/2-1/2

[Event "17.Seefeld Open 2006"]
[Site "Seefeld/AUT (23.9.-1.10)"]
[Date "2006.09.29"]
[Round "7"]
[White "Bronznik, Valeri"]
[Black "Mohrlok, Dieter"]
[Result "1/2-1/2"]
[WhiteElo "2383"]
[BlackElo "2321"]
[PlyCount "138"]
[EventDate "2006.09.??"]
[EventType "swiss"]
[EventRounds "9"]
[EventCountry "AUT"]

1. d4 g6 2. c4 Bg7 3. e4 d6 4. Nc3 Nd7 5. Nf3 e5 6. d5 Nh6 7. h4 f6 8. h5 a5 9.
Nh4 g5 10. Nf5 Nxf5 11. exf5 h6 12. g4 Kf7 13. Be3 Re8 14. Ne4 Bf8 15. Be2 Nc5
16. Nc3 Bd7 17. O-O Qe7 18. b3 Reb8 19. Qc2 Qe8 20. a3 a4 21. b4 Nb3 22. Rad1
Rc8 23. Ne4 b6 24. Qc3 Rab8 25. Rfe1 Kg7 26. Qb2 Be7 27. f3 Qf8 28. Qc3 Be8 29.
Bd3 Bf7 30. Bc2 c6 31. Qb2 b5 32. Nc3 bxc4 33. dxc6 Rxc6 34. Be4 Ra6 35. Qf2
Bd8 36. b5 Ra5 37. Bd5 Nd4 38. Qf1 Bb6 39. Kg2 Qg8 40. Qxc4 Rc8 41. Bxf7 Rxc4
42. Bxg8 Kxg8 43. Rc1 Bc5 44. Bxd4 Rxd4 45. Rb1 Ra7 46. Re4 Bxa3 47. b6 Rb7 48.
Nxa4 Kf7 49. Ra1 Bb4 50. Re2 Ke7 51. Rc2 Kd7 52. Kg3 Bd2 53. Raa2 Bf4+ 54. Kf2
e4 55. fxe4 Rxe4 56. Nc3 Re5 57. Na4 Be3+ 58. Kf3 Bd4 59. Kg2 Re3 60. Nb2 Bxb6
61. Nc4 Rb3 62. Rd2 Bc5 63. Na5 R7b4 64. Nxb3 Rxb3 65. Rab2 Re3 66. Rb7+ Kc6
67. Rf7 Re4 68. Rxf6 Rxg4+ 69. Kf3 Rh4 1/2-1/2

[Event "17.Seefeld Open 2006"]
[Site "Seefeld/AUT (23.9.-1.10)"]
[Date "2006.09.29"]
[Round "7"]
[White "Rausch, Stephan"]
[Black "Kesik, Klaus-Dieter"]
[Result "0-1"]
[WhiteElo "2343"]
[BlackElo "2280"]
[PlyCount "124"]
[EventDate "2006.09.??"]
[EventType "swiss"]
[EventRounds "9"]
[EventCountry "AUT"]

1. d4 d5 2. Nf3 Nf6 3. c4 c6 4. Nc3 a6 5. cxd5 cxd5 6. Bf4 Nc6 7. e3 Bg4 8. Bd3
e6 9. Qb3 Bxf3 10. gxf3 Ra7 11. Rg1 Nh5 12. Bg5 Be7 13. f4 Bxg5 14. fxg5 g6 15.
O-O-O O-O 16. f4 b5 17. Kb1 Qd6 18. Rc1 Na5 19. Qd1 Nc4 20. Bxc4 bxc4 21. Na4
Rb7 22. Nc5 Rb4 23. Rc3 Rfb8 24. Rg2 a5 25. Ra3 Ng7 26. Qc1 R4b5 27. Qc3 Ra8
28. b3 Nf5 29. Rb2 Rab8 30. Kc1 R8b6 31. Kd2 Qc7 32. Rxa5 Rxa5 33. Qxa5 Nxd4
34. exd4 Qxf4+ 35. Kd1 Qxd4+ 36. Rd2 Qa1+ 37. Kc2 cxb3+ 38. Nxb3 Rc6+ 39. Nc5
Kg7 40. Rd3 Qe5 41. Kb3 Qb8+ 42. Ka4 Qd6 43. Rc3 e5 44. Qb5 Rb6 45. Qe8 Rb8 46.
Qd7 Qb6 47. Ne6+ Qxe6 48. Qxe6 fxe6 49. Rc7+ Kf8 50. Rxh7 Rb1 51. Rh3 e4 52.
Rb3 Rh1 53. Kb4 Rxh2 54. a4 Ra2 55. Kb5 Ke7 56. Kc6 Rc2+ 57. Kb6 d4 58. a5 e3
59. Ra3 e2 60. Ra1 Kd7 61. a6 Rc6+ 62. Kb5 Rxa6 0-1

[Event "17.Seefeld Open 2006"]
[Site "Seefeld/AUT (23.9.-1.10)"]
[Date "2006.09.29"]
[Round "7"]
[White "Stabolewski, Andreas"]
[Black "Pilz, Dieter"]
[Result "1-0"]
[WhiteElo "2235"]
[BlackElo "2333"]
[PlyCount "87"]
[EventDate "2006.09.??"]
[EventType "swiss"]
[EventRounds "9"]
[EventCountry "AUT"]

1. Nf3 d5 2. d4 Nf6 3. c4 c6 4. Nc3 a6 5. e3 Bg4 6. cxd5 cxd5 7. Qb3 Bc8 8. Bd2
e6 9. Rc1 Bd6 10. Bd3 O-O 11. O-O Nc6 12. e4 dxe4 13. Nxe4 Be7 14. Rfd1 Nd5 15.
Nc5 Rb8 16. a3 Bf6 17. Ne4 Nxd4 18. Nxf6+ Qxf6 19. Nxd4 Qxd4 20. Bb4 Qb6 21.
Bxh7+ Kxh7 22. Qh3+ Kg8 23. Bxf8 Kxf8 24. Rxc8+ Rxc8 25. Qh8+ Ke7 26. Qxc8 Qxb2
27. Qc5+ Kf6 28. Qd4+ Qxd4 29. Rxd4 b5 30. Kf1 Ke5 31. Rh4 a5 32. Ke1 Nc3 33.
Rh8 a4 34. Rh3 Kd4 35. Kd2 Ne4+ 36. Kc2 Nd6 37. Rd3+ Kc5 38. Rc3+ Nc4 39. h4 g6
40. g4 Kd5 41. h5 gxh5 42. gxh5 Ke5 43. h6 Kf6 44. Rg3 1-0

[Event "17.Seefeld Open 2006"]
[Site "Seefeld/AUT (23.9.-1.10)"]
[Date "2006.09.29"]
[Round "7"]
[White "Gruber, Michael"]
[Black "Schunk, Thomas"]
[Result "1/2-1/2"]
[WhiteElo "2138"]
[BlackElo "2315"]
[PlyCount "81"]
[EventDate "2006.09.??"]
[EventType "swiss"]
[EventRounds "9"]
[EventCountry "AUT"]

1. e4 e5 2. f4 exf4 3. Bc4 Qh4+ 4. Kf1 d6 5. Nc3 c6 6. d4 g5 7. Nf3 Qh5 8. h4
Bg4 9. Kg1 Bxf3 10. Qxf3 Qxf3 11. gxf3 Bg7 12. hxg5 Bxd4+ 13. Kf1 Be5 14. Ne2
Ne7 15. Nxf4 Nd7 16. c3 O-O-O 17. Nh5 d5 18. exd5 cxd5 19. Bb5 Nf8 20. f4 Bc7
21. Be3 Nf5 22. Bf2 Ne6 23. Bd3 Nd6 24. Be3 Bb6 25. Bxb6 axb6 26. Re1 Nc5 27.
Bc2 Nce4 28. Bb3 Nf5 29. Kg2 h6 30. Nf6 Nxf6 31. gxf6 Rhg8+ 32. Kf2 Rg6 33. Re5
Rxf6 34. Bxd5 Rd7 35. Kf3 Ne7 36. Be4 Kd8 37. Reh5 Rdd6 38. R1h2 Kc7 39. Re5
Rd7 40. Reh5 Rdd6 41. Re5 1/2-1/2

[Event "17.Seefeld Open 2006"]
[Site "Seefeld/AUT (23.9.-1.10)"]
[Date "2006.09.29"]
[Round "7"]
[White "Jandke, Manfred"]
[Black "Kauch, Markus"]
[Result "1-0"]
[WhiteElo "2156"]
[BlackElo "2244"]
[PlyCount "45"]
[EventDate "2006.09.??"]
[EventType "swiss"]
[EventRounds "9"]
[EventCountry "AUT"]

1. Nf3 d6 2. d4 f5 3. Nc3 Nf6 4. Qd3 d5 5. Ne5 c6 6. g4 g6 7. f3 Na6 8. a3 Bg7
9. Bd2 O-O 10. gxf5 Bxf5 11. e4 Be6 12. Nxc6 bxc6 13. Qxa6 Rb8 14. O-O-O dxe4
15. fxe4 Rb6 16. Qxa7 Ng4 17. Na4 Qxd4 18. Qxb6 Qxa4 19. Bh3 Bd4 20. Qb4 Qa7
21. Bxg4 Bxg4 22. Qc4+ e6 23. Rde1 1-0